Countries with the Same Name in French - Statistics

General Stats
  • This quiz has been taken 10 times
  • The average score is 8 of 14
Answers on the Grid
Answers color-coded by a green-red scale on the quiz's grid according to % correct below.
Russia
Uzbekistan
France
Lesotho
Tajikistan
Gambia
Cyprus
Belize
Haiti
Grenada
Iraq
Nigeria
Greece
Uganda
Canada
Finland
Cambodia
Eswatini
Mongolia
Portugal
Kenya
Maldives
Sri lanka
Monaco
Cuba
Japan
Chile
Liechtenstein
 
Answer Stats
Answer % Correct
Canada
75%
Belize
63%
France
63%
Lesotho
63%
Monaco
63%
Nigeria
63%
Portugal
63%
Eswatini
50%
Haiti
50%
Kenya
50%
Maldives
50%
Sri lanka
50%
Cuba
38%
Liechtenstein
38%
No matching quizzes found
Score Distribution
Percent of People with Each Score
Percentile by Number Answered
Your Score History
You have not taken this quiz